000 00863nab a2200265 4500
003 BR-BrBNA
005 20250315154828.0
008 250315b bl.||||| |||| 00| 0 por d
040 _aBR-BrBNA
_bpor
072 _aA50 ; D10 ; E14
100 _aAndrade, Lívia
245 _aOs royalties da pesquisa
_bAgrotecnologia
500 _a5 illus.
650 _aADMINISTRAÇÃO PÚBLICA
650 _aEMPRESA PÚBLICA
650 _aEMBRAPA
650 _aPESQUISA AGRÍCOLA
650 _aINOVAÇÃO TECNOLÓGICA
650 _aTRANSFERÊNCIA DE TECNOLOGIA
650 _aBIOSSEGURANÇA
650 _aRECEITA
773 0 _01706
_9346297
_dSão Paulo-SP Editora Três Ltda - E-mail: luizfsa@revistadinheiro.com.br 2004
_o2024-6951
_tDinheiro Rural (Brazil)
_x1807-3700
_gv. 3(15) p. 30-32; (Jan 2006)
_wBR2025000121
942 _cANA
999 _c330443
_d330443